大阪府にある漢字4文字の駅 - Statistics

General Stats
  • This quiz has been taken 35 times
  • The average score is 37 of 65
Answer Stats
Hint Answer % Correct
河内長野市 河内長野
88%
大阪市 大阪梅田
82%
大阪市 大阪難波
82%
田尻町 関西空港
79%
大阪市 喜連瓜破
79%
豊中市 千里中央
79%
堺市 中百舌鳥
79%
寝屋川市 寝屋川市
79%
豊中市 大阪空港
76%
大阪市 天下茶屋
76%
岸和田市 東岸和田
76%
箕面市 箕面萱野
76%
和泉市 和泉中央
73%
八尾市 近鉄八尾
73%
高槻市 摂津富田
73%
和泉市 和泉府中
70%
大阪市 関目高殿
67%
大阪市 野田阪神
67%
阪南市 和泉鳥取
64%
東大阪市 河内永和
64%
松原市 河内松原
64%
豊中市 服部天神
64%
泉南市 和泉砂川
61%
交野市 河内磐船
61%
柏原市 河内国分
61%
東大阪市 河内花園
61%
八尾市 久宝寺口
61%
大阪市 関目成育
61%
大阪市 動物園前
61%
大阪市 野江内代
61%
枚方市 枚方公園
61%
大阪市 岸里玉出
58%
大阪市 堺筋本町
58%
大阪市 鶴見緑地
58%
東大阪市 若江岩田
58%
柏原市 柏原南口
55%
松原市 河内天美
55%
柏原市 河内堅上
55%
東大阪市 河内小阪
55%
大阪市 北加賀屋
55%
大阪市 千林大宮
55%
八尾市 河内山本
52%
堺市 浜寺公園
52%
豊中市 緑地公園
52%
大阪市 安治川口
48%
大阪市 駒川中野
48%
八尾市 信貴山口
48%
大阪市 住吉大社
48%
貝塚市 水間観音
48%
河内長野市 三日市町
48%
岸和田市 和泉大宮
45%
貝塚市 和泉橋本
45%
富田林市 滝谷不動
42%
大阪市 我孫子町
39%
東大阪市 鴻池新田
39%
大阪市 新森古市
39%
堺市 萩原天神
39%
大阪市 今福鶴見
36%
大阪市 我孫子前
33%
大阪市 恵美須町
33%
吹田市 公園東口
33%
堺市 浜寺駅前
33%
大阪市 我孫子道
24%
堺市 高須神社
21%
堺市 妙国寺前
9%
No matching quizzes found
Score Distribution
Percent of People with Each Score
Percentile by Number Answered
Your Score History
You have not taken this quiz